| 000 | 01357nam a22003017a 4500 | ||
|---|---|---|---|
| 005 | 20110316123056.0 | ||
| 010 | _aENG-102143 B-453697 | ||
| 020 |
_a9780071068055 _c450.00 |
||
| 020 |
_a0071068058 _c450.00 |
||
| 035 | _aEN-85676 B-453697 | ||
| 037 | _bDBAD/PUB | ||
| 037 | _bRBC/Ven | ||
| 082 | 0 | 4 |
_a621.3821 _222 |
| 100 | 1 |
_aReid, Neil P. _945623 |
|
| 245 | 1 | 0 |
_aWireless mobility : _bthe why of wireless / _cby Neil P. Reid |
| 260 |
_aNew Delhi _bTata McGraw-Hill _c2010 |
||
| 270 |
_a7, West Patel Nagar _bNew Delhi _e110008 |
||
| 300 |
_axvii, 302 p. : _bill. _c24 cm (pbk) |
||
| 500 | _aIncludes index | ||
| 650 | 0 |
_aWireless communication systems. _945624 |
|
| 650 | 0 |
_aMobile computing. _945625 |
|
| 650 | 0 |
_aTCP/IP (Computer network protocol) _945626 |
|
| 942 |
_2ddc _cEN _h621.3821 _mREI |
||
| 999 |
_c51091 _d51091 |
||